Former Nations and Civilisations on a Map of Europe #2 - Statistics

General Stats
  • This quiz has been taken 542 times
  • The average score is 8 of 16
Answers on the Map
Answers color-coded by a green-red scale on the quiz's map according to % correct below.
 
Answer Stats
Answer % Correct
Kingdom of {Bohemia}
88%
Principality of {Catalonia}
87%
Grand Duchy of {Tuscany}
74%
Grand Duchy of {Lithuania}
65%
Principality of {Wallachia}
62%
Duchy of {Burgundy}
60%
Duchy of {Pomerania}
57%
Duchy of {Schleswig}
54%
Epirus
53%
Kingdom of {the} {Isles}
48%
Republic of {Ragusa}
45%
{Pskov} Republic
41%
Principality of {Theodoro}
26%
Dumnonia
8%
{Nuragic} Civilisation
3%
Tartessos
3%
No matching quizzes found
Score Distribution
Percent of People with Each Score
Percentile by Number Answered
Your Score History
You have not taken this quiz